000 00639nam a2200265Ia 4500
005 20260306163914.0
008 008 260114s9999 xx 000 0 eng d
020 _a9780748653133
037 _aEBOOK
040 _aCRL
040 _beng
040 _cCRL
041 _2eng
041 _aeng
084 _qCRL
100 _aGully
_91129602
245 4 _aThe Culture Of Letter-writing In Pre-modern Islamic Society
260 _bEdinburgh University Press
260 _c2012
650 _aSocial Work
856 _uhttps://academic.oup.com/book/23159
942 _cEBOOK
999 _c1711967
_d1711967